Quản lý tổng hợp nước thải khu công nghiệp Tây bắc Củ Chi theo nguyên lý 3R : Luận văn Thạc sĩ - Chuyên ngành : Quản lý Tài nguyên và Môi trường

Uloženo v:
Podrobná bibliografie
Hlavní autor: Đinh, Hoài Phong
Médium: Luận văn
Jazyk:Undetermined
Vydáno: Trường Đại học Công Nghiệp Tp. Hồ Chí Minh 2020
Témata:
Tagy: Přidat tag
Žádné tagy, Buďte první, kdo otaguje tento záznam!
Thư viện lưu trữ: Trung tâm Thư viện - Trường Đại học Công nghiệp TP. Hồ Chí Minh
LEADER 00736nam a2200157Ia 4500
001 UIH_01621
008 230809s9999 xx 000 0 und d
082 |a 628.1 
100 |a Đinh, Hoài Phong 
245 0 |a Quản lý tổng hợp nước thải khu công nghiệp Tây bắc Củ Chi theo nguyên lý 3R : Luận văn Thạc sĩ - Chuyên ngành : Quản lý Tài nguyên và Môi trường 
245 0 |c Đinh, Hoài Phong 
260 |b Trường Đại học Công Nghiệp Tp. Hồ Chí Minh 
260 |c 2020 
650 |a Quản lý môi trường;Nước thải 
927 |a Luận văn 
980 |a Trung tâm Thư viện - Trường Đại học Công nghiệp TP. Hồ Chí Minh